Процессное описание статистического анализа; Справочник. Инженерный журнал; № 4

Dettagli Bibliografici
Parent link:Справочник. Инженерный журнал: научно-технический и производственный журнал.— , 2000-.— 0203-347X
№ 4.— 2003.— С. 19-23
Autore principale: Ковалёв А. И.
Lingua:russo
Pubblicazione: 2003
Serie:Качество и сертификация продукции
Soggetti:
Natura: MixedMaterials Capitolo di libro
KOHA link:https://koha.lib.tpu.ru/cgi-bin/koha/opac-detail.pl?biblionumber=386222

MARC

LEADER 00000naa2a2200000 4500
001 386222
005 20231101063443.0
035 |a (RuTPU)RU\TPU\prd\14780 
090 |a 386222 
100 |a 20030604a2003 k y0rusy50 ca 
101 0 |a rus 
102 |a RU 
200 1 |a Процессное описание статистического анализа  |f А. И. Ковалёв 
225 1 |a Качество и сертификация продукции 
461 1 |0 (RuTPU)RU\TPU\prd\1723  |x 0203-347X  |t Справочник. Инженерный журнал  |o научно-технический и производственный журнал  |d 2000- 
463 1 |0 (RuTPU)RU\TPU\prd\14394  |t № 4  |v С. 19-23  |d 2003 
610 1 |a процессное описание 
610 1 |a статистический анализ 
610 1 |a стандарты 
610 1 |a контроль качества 
700 1 |a Ковалёв  |b А. И. 
801 1 |a RU  |b 63413507  |c 20030604  |g PSBO 
801 2 |a RU  |b 63413507  |c 20140115  |g RCR 
942 |c BK